Normal view
MARC view
- Lingua e letteratura tedesca
Entry Genre/Form Term
001 - CONTROL NUMBER
- control field: 57384
003 - CONTROL NUMBER IDENTIFIER
- control field:
005 - DATE AND TIME OF LATEST TRANSACTION
- control field: 20180925160024.0
008 - FIXED-LENGTH DATA ELEMENTS
- fixed length control field: 180925|| aca||aabn | a|a d
040 ## - CATALOGING SOURCE
- Original cataloging agency:
- Transcribing agency:
155 ## - HEADING--GENRE/FORM TERM
- Genre/form term: Lingua e letteratura tedesca
- General subdivision: Vari altri autori: opere originali e studi.
670 ## - SOURCE DATA FOUND
- Source citation: Work cat.: ()0: Mann, Thomas, Premio Nobel (1929) 1875-1955. autore 57383, Buddenbrooks :, 1957